000 01164nam a2200253 a 4500
001 000007053
005 20200929154044.0
008 090904s1943 dr f000 0 spa d
040 _aDO-SdBNP
_bspa
_cBNPHU
082 _a347.7293
_bR426c, 1943
110 1 _aRepública Dominicana.
_9447
240 1 0 _aCódigo Civil
245 1 0 _aProyecto de código civil de la República Dominicana /
_cJ. H. Ducoudray.
260 _aCiudad Trujillo, República Dominicana :
_bTalleres Tipográficos de Virgilio Montalvo,
_c1943.
300 _a299 p. ;
_c24 cm.
505 0 _gIntroducción --
_tDerecho de las personas --
_tDerecho de la familia --
_tDe los derechos reales --
_tDerecho de las sucesiones --
_tDerecho de las obligaciones --
_tDerecho de las pruebas --
_tDe los regímenes matrimoniales --
_tDe los contratos nominados.
650 4 _aDerecho civil
_xLegislación
_zRepública Dominicana
_96943
650 4 _aProcedimiento civil
_xLegislación
_zRepública Dominicana
_911714
650 4 _aAnteproyecto de ley
_910529
650 4 _aLeyes
_zRepública Dominicana
_93033
700 1 _aDucoudray, J. H.
_917452
910 _aValidado. Control de calidad EMS
049 _aBNPD
999 _c6836
_d6836